01021nam a22002531 450000100060000000300080000600500170001400800410003103500190007204000320009104100080012308200210013110000400015224500840019226000580027630000210033450400420035565000400039765000230043794200120046099900170047295201400048995201380062936023BD-RjUL20211209052423.0140615r19671941nyu b 000 0 eng  a(BD-RjUL)36120 aDLCcDLCdDLCdBD-RjULbeng aeng00a320.09bGIA 19671 aGilmore, Myron Piper,d1910-97577210aArgument from Roman law in political thought, 1200-1600 /cMyron Piper Gilmore. aNew York :bRussell & Russellcc1941 [reissued 1967]. a148 p. ;c23 cm. aBibliography: p. [135]-141.and index. 0aPolitical sciencexHistory.9109672 0aRoman law.9109673 2ddccBK c36023d36023 00102ddc40718NFICaRUCLbRUCLcReadingd1970-06-23eZeitlingerg66.60l0o320.09 GIA 1967r2014-06-15 00:00:00tC-1w2014-06-15yBK 00102ddc40708NFICaRUCLbRUCLcStackd1970-06-23eZeitlingerg66.60l0o320.09 GIA 1967r2014-06-15 00:00:00tC-2w2014-06-15yBK